| 000 | 00691nam a2200229 a 4500 | ||
|---|---|---|---|
| 001 | BRCA_7168 | ||
| 005 | 20190320205733.0 | ||
| 008 | 120112s1922----nyua######---#000-0#eng-# | ||
| 041 | _aeng | ||
| 044 | _anyu | ||
| 050 | 4 |
_aPZ3 _b.B9766 1922 |
|
| 100 | 1 |
_aButler, Ellis Parker _d1869-1937 _917772 |
|
| 245 | 1 | 0 |
_aPigs is pigs _cby Ellis Parker Butler ; illustrations by Will Crawford |
| 260 |
_aNueva York _bDoubleday, Page & Company _c1922 |
||
| 300 |
_a37 p. _bil. (5 láminas a color) _c18 cm. |
||
| 500 | _aO224 | ||
| 650 | 1 | 4 |
_aCuentos _zEstados Unidos _917773 |
| 650 | 1 | 4 |
_aIngenio y humor _917774 |
| 700 | 1 |
_aCrawford, Will _d1869-1944 _eil. _917775 |
|
| 902 | _aGFM | ||
| 942 |
_2lcc _cB |
||
| 999 |
_c6849 _d6849 |
||